| 000 | 00576nam a2200193Ia 4500 | ||
|---|---|---|---|
| 008 | 240729s9999 xx 000 0 und d | ||
| 022 | _a1970-3201 | ||
| 245 | 0 | _aNeuropsychological Trends | |
| 260 | _aItaly | ||
| 260 | _bLED Edizioni Universitarie | ||
| 650 | _a Internal medicine | ||
| 650 | _a Neurophysiology and neuropsychology | ||
| 650 | _a Neurosciences. Biological psychiatry. Neuropsychiatry | Science | ||
| 650 | _a Physiology | ||
| 650 | _aMedicine | ||
| 856 | _uhttps://doaj.org/toc/fea1a929d3d74c00a7081aab4a6adfa3 | ||
| 942 | _2ddc | ||
| 942 | _cDOAJEJ | ||
| 999 |
_c70311 _d70311 |
||
| 945 |
_a1 _bMadushi Gamage _c1 _dMadushi Gamage |
||